|
|
|
|
| LEADER |
00716nam a22001691a 4500 |
| 999 |
|
|
|c 22620
|d 22620
|
| 082 |
|
|
|a M100 7
|b KAR/K
|
| 100 |
|
|
|a Karunakaran Mallissery
|
| 245 |
|
|
|a Kaliyachanu chuttum/
|c by Karunakaran Mallissery
|
| 260 |
|
|
|a Thrissur:
|b Kerala Sahitya Academi,
|c 1997.
|
| 300 |
|
|
|a 379p.
|
| 650 |
|
|
|a Poetry Malayalam Study
|
| 650 |
|
|
|a Literature Malayalam
|
| 650 |
|
|
|a Literature
|
| 942 |
|
|
|c BK
|
| 952 |
|
|
|0 0
|1 0
|4 0
|6 M_1007_000000000000000_KAR_K
|7 0
|9 31900
|a SSUS
|b SSUS
|c STACKS
|d 2015-01-08
|g 98.00
|l 4
|o M1007 KAR/K
|p 006891
|r 2019-08-19
|s 2019-07-30
|v 0.00
|w 2015-01-08
|y BK
|
| 952 |
|
|
|0 0
|1 0
|4 0
|6 M_100_700000000000000_KAR_K
|7 0
|9 103876
|a SSUS
|b SSUS
|c STACKS
|d 2020-10-28
|g 98.00
|o M100 7 KAR/K
|p 100786
|r 2020-10-28
|w 2020-10-28
|y BK
|